000 002560000a22000970004500
100 1 _aStanhope, Jon
245 1 0 _aTogether at last : Sudanese refugees reunited with loved ones
300 _aNum. 24 (2003), Páginas 22-23
773 0 _tTeartimes
942 _cANA
999 _c56053
_d56053